El Dilema de Honduras

Պահպանված է:
Մատենագիտական մանրամասներ
Ձևաչափ: Տեքստ
Խորագրեր:
Ցուցիչներ: Ավելացրեք ցուցիչ
Չկան պիտակներ, Եղեք առաջինը, ով նշում է այս գրառումը!

MARC

LEADER 00000 a a2200000 04500
001 6701
003
040
245 |a El Dilema de Honduras  
650 |a POLITICA ECONOMICA  
650 |a FMI  
650 |a RECOMENDACIONES  
650 |a CONSECUENCIAS ECONOMICAS  
650 |a COSTOS SOCIALES  
650 |a ENDEUDAMIENTO  
773 |g volumen 24, número 1070; páginas 12-14  
999 |c 31907  |d 31907